[Event "SVK-ch U2300"]
[White "Prochazka, Martin"]
[Black "Zelenak, Adam"]
[Site "Liptovsky Jan"]
[Round "6"]
[Result "1/2-1/2"]
[Date "2024.06.17"]
[WhiteElo "1414"]
[BlackElo "1000"]
[PlyCount "35"]
[EventDate "2024.06.15"]
[EventType "swiss"]
[EventRounds "8"]
[EventCountry "SVK"]
[SourceTitle "CBM 220 Extra"]
[Source "ChessBase"]
[SourceDate "2024.07.31"]
[SourceVersion "1"]
[SourceVersionDate "2024.07.31"]
[SourceQuality "1"]

1. e4 e6 2. d4 d5 3. e5 c5 4. Nf3 Nc6 5. c3 Qb6 6. Be2 Nh6 7. Na3 cxd4 8. cxd4 Bxa3 9. bxa3 Nf5 10. Be3 0-0 11. 0-0 Qc7 12. Rc1 a5 13. Bb5 Bd7 14. Qa4 Rac8 15. Rc3 Qb6 16. Kh1 Kh8 17. h3 Kg8 18. Kh2 1/2-1/2